Clubs with more than 250 matches in the Champions League - Statistics

General Stats
  • This quiz has been taken 238 times
  • The average score is 4 of 10
Answers on the Grid
Answers color-coded by a green-red scale on the quiz's grid according to % correct below.
Ajax
Anderlecht
Arsenal
Atletico Madrid
B. Dortmund
Barcelona
Bayern München
Benfica
Chelsea
Dynamo Kyiv
Etoile Rouge Belgrade
Inter
Juventus
Liverpool
Man City
Man Utd
AC Milan
Olympiacos
OM
Porto
PSG
Rangers
Real Madrid
Shakhtar Donetsk
 
Answer Stats
Answer % Correct
503 Matchs Real Madrid
64%
363 Matchs Barcelona
58%
408 Matchs Bayern München
54%
299 Matchs Man Utd
43%
258 Matchs Liverpool
42%
283 Matchs AC Milan
41%
311 Matchs Juventus
40%
304 Matchs Benfica
18%
277 Matchs Porto
15%
261 Matchs Dynamo Kyiv
4%
No matching quizzes found
Score Distribution
Percent of People with Each Score
Percentile by Number Answered
Your Score History
You have not taken this quiz